Real estate principles
| Main Author: | |
|---|---|
| Other Authors: | |
| Format: | Book |
| Published: |
Chicago :
Real Estate Education Co. ,
1994
|
| Edition: | 4th ed. |
| Subjects: |
MARC
| LEADER | 00000cam a2200000 7i4500 | ||
|---|---|---|---|
| 001 | 0000004445 | ||
| 005 | 20050505.0 | ||
| 020 | |a 070310520X | ||
| 040 | |a INS | ||
| 090 | 0 | 0 | |a HD255. |b F57 1994 |
| 100 | 1 | |a Floyd, Charles F. | |
| 245 | 1 | 0 | |a Real estate principles |c Charles F. Floyd |
| 250 | |a 4th ed. | ||
| 260 | |a Chicago : |b Real Estate Education Co. , |c 1994 | ||
| 300 | |a 473p. ; |c 24cm. | ||
| 650 | 0 | 0 | |a Real estate business |z United States |
| 700 | 1 | |a Allen, Marcus T | |
| 999 | |a 0000006409 |b BOOK |c Open Shelf |e Default branch | ||